The companies act,2013 : (Record no. 104756)

MARC details
000 -LEADER
fixed length control field 00688nam a22002057a 4500
005 - DATE AND TIME OF LATEST TRANSACTION
control field 20161124165301.0
010 ## - LCCN (DPL NO)
LC control number ENG-116640
020 ## - INTERNATIONAL STANDARD BOOK NUMBER
International Standard Book Number 9788184845624
Terms of availability 1380.00
035 ## - SYSTEM CONTROL NUMBER
System control number EN-100172
037 ## - SOURCE OF ACQUISITION
Source of stock number/acquisition DBAD/PUB
082 ## - DEWEY DECIMAL CLASSIFICATION NUMBER
Classification number 346.54066
245 ## - TITLE STATEMENT
Title The companies act,2013 :
Statement of responsibility, etc by Partha Pratim Mitra ; foreword by Autar Krishen Koul
Remainder of title new challenges in contemporary Indian economy /
260 ## - PUBLICATION, DISTRIBUTION, ETC. (IMPRINT)
Place of publication, distribution, etc New Delhi
Name of publisher, distributor, etc Regal Publications
Date of publication, distribution, etc 2013
270 ## - ADDRESS
Address F-159,Rajouri Garden
City New Delhi
Postal code 110027
300 ## - PHYSICAL DESCRIPTION
Extent xiv,317p.
Dimensions 22cm(Hb)
500 ## - GENERAL NOTE
General note Includes index
700 ## - ADDED ENTRY--PERSONAL NAME
Personal name Mitra,Partha Pratim
700 ## - ADDED ENTRY--PERSONAL NAME
Personal name Koul, Autar Krishen
942 ## - ADDED ENTRY ELEMENTS (KOHA)
Source of classification or shelving scheme Dewey Decimal Classification
Item type English Books
Classification part 346.54066
Call number suffix COM
Holdings
Withdrawn status Lost status Not for loan Collection code Home library Current library Date acquired Source of acquisition Cost, normal purchase price Full call number Barcode Copy number Cost, replacement price Koha item type
    Not For Loan Non-fiction D.B.Act.Division Bawana 24/11/2016 DBAD/PUB 1380.00 346.54066 COM EN-100172 1 1380.00 English Books

© Delhi Public Library
Hit Counter
free hit counter